Normal view MARC view
  • Miranda López, Francisco

Entry Nombre Personal

Number of records used in: 26

001 - NUMERO DE CONTROL

  • campo de control: 29334

003 - IDENTIFICADOR DE NUMERO DE CONTROL

  • campo de control: DLC

005 - FECHA Y HORA DE LA ÜLTIMA TRANSACCIÓN

  • campo de control: 20220329122656.0

008 - DATOS DE LONGITUD FIJA

  • campo de control de longitud fija: 220329n| azannaabn |a aaa

010 ## - NÚMERO DE CONTROL DE LA BIBLIOTECA DEL CONGRESO

  • Número de control LC: n 2001111320

035 ## - NUMERO DE CONTROL

  • Número de control: (OCoLC)oca05627354

040 ## - FUENTE DE CATALOGACIÓN

  • Agencia original de catalogación: DLC
  • Lenguaje de catalogación: spa
  • Description conventions: rda
  • Agencia de transcripción: DLC
  • Agencia que lo modifica: ICU
  • Agencia que lo modifica: MX-MxUPN

100 1# - ENCABEZAMIENTO - NOMBRE PERSONAL

  • Nombre personal: Miranda López, Francisco

400 1# - VEÁSE - NOMBRE DE PERSONA

  • Personal name: López, Francisco Miranda

400 1# - VEÁSE - NOMBRE DE PERSONA

  • Personal name: Miranda, Francisco
  • Fuller form of name: (Miranda López)

670 ## - FUENTE EN LA QUE SE LOCALIZARON DATOS

  • Cita de la fuente: Miranda López, Francisco. Las universidades como organizaciones del conocimiento, 2001:
  • Información localizada: portada (Francisco Miranda López) pref. (Francisco Miranda, México, D.F.)